Vzdělávání v nové Evropě
Potreba radikálnej transformácie vzdelávacieho systému v novej Európe. Pojem "Podnikateľská univerzita". Základné princípy Podnikateľskej univerzity. Tvorba nových firiem ako principiálnych nosičov a užívateľov vedomostí. Čo charakterizuje profesiu. Manažment ako profesia. Profesionalita založená na...
Gespeichert in:
| 1. Verfasser: | |
|---|---|
| Format: | Buchkapitel |
| Sprache: | Tschechisch |
| Schlagworte: | |
| Tags: |
Keine Tags, Fügen Sie das erste Tag hinzu!
|
MARC
| LEADER | 00000naa$a2200000$$$4500 | ||
|---|---|---|---|
| 001 | 0047031 | ||
| 005 | 20231106123441.8 | ||
| 041 | 0 | |a cze | |
| 044 | |a CZ | ||
| 245 | 1 | 0 | |a Vzdělávání v nové Evropě |c Milan Zelený |
| 520 | |a Potreba radikálnej transformácie vzdelávacieho systému v novej Európe. Pojem "Podnikateľská univerzita". Základné princípy Podnikateľskej univerzity. Tvorba nových firiem ako principiálnych nosičov a užívateľov vedomostí. Čo charakterizuje profesiu. Manažment ako profesia. Profesionalita založená na akreditovaných znalostiach, etickom kódexe a službe verejnosti ako hlavná potreba budúceho európskeho manažmentu. | ||
| 610 | 2 | 0 | |a vzdelávanie |
| 610 | 2 | 0 | |a univerzity |
| 610 | 2 | 0 | |a podnikanie |
| 610 | 2 | 0 | |a vedomosti |
| 610 | 2 | 0 | |a manažment |
| 610 | 2 | 0 | |a etika |
| 100 | 1 | |a Zelený, Milan | |